[Event "Titled Tuesday intern op 5th May"]
[Site "Chess.com INT"]
[Date "2020.05.05"]
[Round "2"]
[White "Erigaisi, Arjun Kumar"]
[Black "Potapov, Alexey"]
[Result "1-0"]
[WhiteElo "2559"]
[BlackElo "2364"]
[PlyCount "73"]
[EventDate "2020.05.05"]
[EventType "swiss (blitz)"]
[EventRounds "10"]
[EventCountry "USA"]
[SourceTitle "CBM 196 Extra"]
[Source "ChessBase"]
[SourceDate "2020.07.31"]
[SourceVersion "1"]
[SourceVersionDate "2020.07.31"]
[SourceQuality "1"]

1. c4 f5 2. Nc3 Nf6 3. g3 g6 4. Bg2 d6 5. d4 Bg7 6. Nh3 Nc6 7. 0-0 e5 8. dxe5 Nxe5 9. Nf4 0-0 10. Ncd5 c6 11. Nxf6+ Qxf6 12. Qc2 Bd7 13. Rd1 Rad8 14. Be3 a6 15. Rac1 Bc8 16. b3 Rfe8 17. h3 Qe7 18. Qd2 Nf7 19. Bb6 Rd7 20. Re1 Be5 21. Nd3 Bf6 22. Rcd1 Ng5 23. f3 Nf7 24. f4 Nd8 25. e4 fxe4 26. Rxe4 Qf7 27. Nf2 d5 28. cxd5 cxd5 29. Rxe8+ Qxe8 30. Bxd5+ Kg7 31. Ne4 Ne6 32. Nxf6 Kxf6 33. Qc3+ Kf7 34. Qe5 Qe7 35. Re1 Rd6 36. Bd4 Ke8 37. Bc5 1-0

[Event "Titled Tuesday intern op 5th May"]
[Site "Chess.com INT"]
[Date "2020.05.05"]
[Round "7"]
[White "Kotepalli, Sai Nirupama"]
[Black "Potapov, Alexey"]
[Result "1-0"]
[WhiteElo "1914"]
[BlackElo "2364"]
[PlyCount "83"]
[EventDate "2020.05.05"]
[EventType "swiss (blitz)"]
[EventRounds "10"]
[EventCountry "USA"]
[SourceTitle "CBM 196 Extra"]
[Source "ChessBase"]
[SourceDate "2020.07.31"]
[SourceVersion "1"]
[SourceVersionDate "2020.07.31"]
[SourceQuality "1"]

1. e4 e5 2. d3 Nc6 3. Nf3 Nf6 4. g3 d5 5. exd5 Nxd5 6. Bg2 Be7 7. 0-0 0-0 8. Nbd2 Bg4 9. h3 Bh5 10. Nc4 f6 11. Ne3 Nxe3 12. Bxe3 Kh8 13. Qd2 Rb8 14. Nh4 Nd4 15. c3 Ne6 16. Nf5 Bc5 17. d4 exd4 18. cxd4 Bb6 19. d5 Nc5 20. Rac1 Nd7 21. Rfe1 Ne5 22. g4 Bg6 23. f4 Nf7 24. Bxb6 axb6 25. Nd4 Qd6 26. f5 Ne5 27. fxg6 hxg6 28. Ne6 Rf7 29. g5 c5 30. gxf6 Rxf6 31. Rcd1 Nf3+ 32. Bxf3 Rxf3 33. Re2 Re8 34. Rf2 Rg3+ 35. Rg2 Re7 36. Rxg3 Qxg3+ 37. Qg2 Qe3+ 38. Kh1 Rf7 39. Rd2 Qe1+ 40. Kh2 Rf5 41. Re2 Qd1 42. Rf2 1-0

[Event "Titled Tuesday intern op 5th May"]
[Site "Chess.com INT"]
[Date "2020.05.05"]
[Round "8"]
[White "Potapov, Alexey"]
[Black "Gunduz, Umut Erdem"]
[Result "1-0"]
[WhiteElo "2364"]
[BlackElo "2137"]
[PlyCount "86"]
[EventDate "2020.05.05"]
[EventType "swiss (blitz)"]
[EventRounds "10"]
[EventCountry "USA"]
[SourceTitle "CBM 196 Extra"]
[Source "ChessBase"]
[SourceDate "2020.07.31"]
[SourceVersion "1"]
[SourceVersionDate "2020.07.31"]
[SourceQuality "1"]

1. d4 Nf6 2. c4 e6 3. Nc3 c5 4. d5 exd5 5. cxd5 d6 6. e4 g6 7. Nf3 Bg7 8. h3 0-0 9. Bd3 b5 10. Bxb5 Qa5 11. Qa4 Qb6 12. 0-0 Na6 13. Re1 Nc7 14. Bc6 Rb8 15. Bf4 Nfe8 16. e5 dxe5 17. Nxe5 Qxb2 18. Rac1 Rb4 19. Qxa7 Rxf4 20. Nd3 Bxc3 21. Nxb2 Bxb2 22. Rb1 Bd4 23. Re2 Ba6 24. Rxe8 Nxe8 25. Qxa6 Rxf2 26. Kh1 Nd6 27. Rf1 Rxf1+ 28. Qxf1 Ne4 29. Qf4 Nf2+ 30. Kh2 Nd3 31. Qe4 Ne5 32. d6 Rd8 33. d7 Kf8 34. Qd5 Ke7 35. Bb5 f5 36. a4 Nf7 37. a5 Be5+ 38. g3 Bd6 39. a6 Ng5 40. a7 f4 41. a8Q fxg3+ 42. Kg2 Ne6 43. Qac6 Rf8 1-0

[Event "Titled Tuesday intern op 1st Jan"]
[Site "Chess.com INT"]
[Date "2019.01.01"]
[Round "10"]
[White "Potapov, Alexey"]
[Black "Drozdowski, Kacper"]
[Result "1-0"]
[WhiteElo "2370"]
[BlackElo "2491"]
[PlyCount "125"]
[EventDate "2019.01.01"]
[EventType "swiss (blitz)"]
[EventRounds "10"]
[EventCountry "USA"]
[SourceTitle "EXT 2021"]
[Source "ChessBase"]
[SourceDate "2020.10.23"]
[SourceVersion "1"]
[SourceVersionDate "2020.10.23"]
[SourceQuality "1"]

1. c4 e6 2. Nf3 d5 3. b3 Nf6 4. Bb2 Be7 5. g3 0-0 6. Bg2 b6 7. 0-0 Bb7 8. d3 Nbd7 9. Nbd2 c5 10. cxd5 exd5 11. d4 Rc8 12. Rc1 Re8 13. e3 h6 14. Nb1 Ne4 15. Nc3 Ndf6 16. Bh3 Ra8 17. Nxe4 Nxe4 18. Ne5 Bd6 19. Bf5 Qe7 20. Qg4 Nf6 21. Qd1 Bc8 22. Qf3 Bxf5 23. Qxf5 Bxe5 24. dxe5 Ne4 25. Rfd1 Rad8 26. Rc2 Ng5 27. h4 Ne6 28. Rcd2 Nc7 29. f4 Qe6 30. Qh5 Qh3 31. Rg2 d4 32. exd4 cxd4 33. Qf3 Nb5 34. Rgd2 Rc8 35. Bxd4 Nxd4 36. Rxd4 Rc2 37. R4d2 Rxd2 38. Rxd2 Rc8 39. Kf2 h5 40. Qg2 Qf5 41. Qd5 g6 42. Kg2 Rc3 43. Qd4 Rc1 44. a3 Qe6 45. Qd5 Qf5 46. Qd3 Qe6 47. Qd5 Qxd5+ 48. Rxd5 Rc2+ 49. Kh3 Rc3 50. Rd8+ Kg7 51. Rd7 a5 52. e6 Rxb3 53. Rxf7+ Kg8 54. Rf6 Kg7 55. Rf7+ Kg8 56. f5 gxf5 57. Rxf5 Rxa3 58. e7 Re3 59. Rf8+ Kg7 60. e8Q Rxe8 61. Rxe8 a4 62. Rb8 b5 63. Rxb5 1-0

[Event "Titled Tuesday intern op 1st Jan"]
[Site "Chess.com INT"]
[Date "2019.01.01"]
[Round "7"]
[White "Potapov, Alexey"]
[Black "Korchmar, Vasiliy"]
[Result "1/2-1/2"]
[WhiteElo "2370"]
[BlackElo "2424"]
[PlyCount "98"]
[EventDate "2019.01.01"]
[EventType "swiss (blitz)"]
[EventRounds "10"]
[EventCountry "USA"]
[SourceTitle "EXT 2021"]
[Source "ChessBase"]
[SourceDate "2020.10.23"]
[SourceVersion "1"]
[SourceVersionDate "2020.10.23"]
[SourceQuality "1"]

1. c4 c5 2. Nf3 Nc6 3. Nc3 g6 4. g3 Bg7 5. Bg2 e5 6. d3 Nge7 7. Rb1 d6 8. a3 a5 9. 0-0 Be6 10. Ng5 Bc8 11. Nd5 0-0 12. Nxe7+ Qxe7 13. Ne4 Be6 14. Nc3 Qd7 15. Nd5 Rab8 16. Bd2 b5 17. b3 f5 18. e3 g5 19. f4 exf4 20. gxf4 g4 21. Bc3 b4 22. Bxg7 Qxg7 23. Ra1 bxa3 24. Rxa3 h5 25. Qa1 Qg6 26. Rxa5 Kh7 27. Ra6 Bxd5 28. Bxd5 Nb4 29. Ra7+ Kh6 30. e4 g3 31. Rf3 gxh2+ 32. Kxh2 Nxd5 33. Rg3 Qf6 34. exd5 Qxa1 35. Rxa1 Rxb3 36. Rag1 Rf6 37. Kh3 Rb2 38. Rg8 Kh7 39. Re8 Rf2 40. Kh4 Rh2+ 41. Kg3 Rd2 42. Re7+ Kh6 43. Kh4 Rf2 44. Kg3 Rd2 45. Kh4 Rh2+ 46. Kg3 Rd2 47. Kh4 Rh2+ 48. Kg3 Rd2 49. Kh4 Rh2+ 1/2-1/2

[Event "RUS-chT2"]
[Site "Sochi"]
[Date "2016.05.10"]
[Round "9.9"]
[White "Potapov, Alexey"]
[Black "Tarasov, Alexandr"]
[Result "1/2-1/2"]
[WhiteElo "2368"]
[BlackElo "2323"]
[PlyCount "82"]
[EventDate "2016.05.01"]
[EventType "team-swiss"]
[EventRounds "9"]
[EventCountry "RUS"]
[SourceTitle "EXT 2018"]
[Source "ChessBase"]
[SourceDate "2017.10.13"]
[SourceVersion "1"]
[SourceVersionDate "2017.10.13"]
[SourceQuality "1"]
[WhiteTeam "Desnogorsk Atom"]
[BlackTeam "Moscow Youth"]
[WhiteTeamCountry "RUS"]
[BlackTeamCountry "RUS"]

1. Nf3 c5 2. g3 Nc6 3. Bg2 g6 4. c4 Bg7 5. Nc3 e6 6. d3 Nge7 7. 0-0 0-0 8. Rb1 d5 9. Bd2 b6 10. Qc1 Bb7 11. Bh6 Bxh6 12. Qxh6 Nf5 13. Qf4 dxc4 14. dxc4 Qb8 15. Rfd1 Qxf4 16. gxf4 Na5 17. b3 Rfd8 18. e3 Kf8 19. Nb5 Be4 20. Ra1 Ke7 21. Ng5 Bxg2 22. Kxg2 f6 23. Ne4 Nc6 24. Kf3 a6 25. Nbc3 Nd6 26. Nxd6 Rxd6 27. Rxd6 Kxd6 28. h4 Ke7 29. h5 gxh5 30. Rh1 Kf7 31. f5 exf5 32. Kf4 b5 33. Kxf5 bxc4 34. bxc4 Re8 35. Kf4 Ne5 36. Rxh5 Kg6 37. Rh1 Nd3+ 38. Kg3 Ne5 39. Ne4 Nd3 40. Nc3 Ne5 41. Ne4 Nd3 1/2-1/2

[Event "RUS-chT2"]
[Site "Sochi"]
[Date "2016.05.08"]
[Round "7.11"]
[White "Potapov, Alexey"]
[Black "Nazaretyan, Tigran"]
[Result "0-1"]
[WhiteElo "2368"]
[BlackElo "2316"]
[PlyCount "88"]
[EventDate "2016.05.01"]
[EventType "team-swiss"]
[EventRounds "9"]
[EventCountry "RUS"]
[SourceTitle "EXT 2018"]
[Source "ChessBase"]
[SourceDate "2017.10.13"]
[SourceVersion "1"]
[SourceVersionDate "2017.10.13"]
[SourceQuality "1"]
[WhiteTeam "Desnogorsk Atom"]
[BlackTeam "Vladikavkaz Alanya"]
[WhiteTeamCountry "RUS"]
[BlackTeamCountry "RUS"]

1. Nf3 d5 2. g3 Nc6 3. Bg2 e5 4. d3 Nf6 5. 0-0 Be7 6. c4 d4 7. Bg5 0-0 8. Bxf6 Bxf6 9. Ne1 h5 10. Nc2 h4 11. b4 Be7 12. b5 Nb8 13. a4 Nd7 14. a5 a6 15. Nd2 Nc5 16. Nb4 axb5 17. cxb5 Bd7 18. a6 Bxb5 19. axb7 Rxa1 20. Qxa1 Nxb7 21. Nc6 Bxc6 22. Bxc6 Nc5 23. Nc4 Bd6 24. Qa7 Qg5 25. Qa2 g6 26. Nd2 hxg3 27. hxg3 Kg7 28. Bg2 f5 29. Nf3 Qf6 30. Qd5 Na4 31. Qc4 Nc3 32. Re1 c5 33. Nd2 e4 34. e3 dxe3 35. Rxe3 Nd1 36. Re1 Nb2 37. Qd5 Nxd3 38. Rd1 Nb4 39. Qb3 Be5 40. Bf1 Bd4 41. Be2 Rh8 42. Qa3 Qc6 43. Nb3 Bxf2+ 44. Kxf2 e3+ 0-1

[Event "RUS-chT2"]
[Site "Sochi"]
[Date "2016.05.01"]
[Round "1.8"]
[White "Belyakov, Bogdan"]
[Black "Potapov, Alexey"]
[Result "1/2-1/2"]
[WhiteElo "2493"]
[BlackElo "2368"]
[PlyCount "128"]
[EventDate "2016.05.01"]
[EventType "team-swiss"]
[EventRounds "9"]
[EventCountry "RUS"]
[SourceTitle "EXT 2018"]
[Source "ChessBase"]
[SourceDate "2017.10.13"]
[SourceVersion "1"]
[SourceVersionDate "2017.10.13"]
[SourceQuality "1"]
[WhiteTeam "Salekhard Yamal"]
[BlackTeam "Desnogorsk Atom"]
[WhiteTeamCountry "RUS"]
[BlackTeamCountry "RUS"]

1. e4 d6 2. d4 Nf6 3. Nc3 e5 4. Nf3 Nbd7 5. Bc4 Be7 6. 0-0 0-0 7. Re1 c6 8. a4 a5 9. h3 h6 10. Be3 Qc7 11. Ba2 Re8 12. Nh4 exd4 13. Bxd4 Nf8 14. Qf3 Ne6 15. Be3 Ng5 16. Bxg5 hxg5 17. Nf5 Bf8 18. Rad1 Bxf5 19. Qxf5 Re5 20. Qf3 Rae8 21. Re3 Qe7 22. Rde1 g6 23. g4 Nd7 24. Rd1 Nf6 25. Kg2 Bg7 26. Bb3 Rd8 27. Red3 Rc5 28. Qe3 Qe5 29. Qg3 Ne8 30. Qxe5 Bxe5 31. Rf3 Rd7 32. Rdd3 Nf6 33. Rfe3 Bxc3 34. bxc3 Re5 35. f3 Kf8 36. Re1 Ke7 37. Red1 Rc5 38. Kf2 Ne8 39. Kg3 Nf6 40. h4 gxh4+ 41. Kxh4 g5+ 42. Kg3 b5 43. Ra1 bxa4 44. Rxa4 Nh7 45. Rdd4 Nf8 46. Rdc4 Rxc4 47. Rxc4 Rc7 48. Ra4 Ra7 49. f4 f6 50. fxg5 fxg5 51. Rc4 Ra6 52. Ba4 Nd7 53. Rd4 Nc5 54. Kf3 Rb6 55. Ke3 Ke6 56. Rc4 Rb2 57. Kd2 Rb6 58. Ke3 Ke5 59. Rd4 Nd7 60. Rc4 Nb8 61. Bb3 Nd7 62. Ba4 Nc5 63. Rd4 Ne6 64. Rd1 Nc5 1/2-1/2

[Event "EU-ch rapid"]
[Site "Minsk"]
[Date "2015.12.20"]
[Round "10"]
[White "Potapov, Alexey"]
[Black "Mikhalevski, Victor"]
[Result "0-1"]
[WhiteElo "2389"]
[BlackElo "2535"]
[PlyCount "122"]
[EventDate "2015.12.19"]
[EventType "swiss (rapid)"]
[EventRounds "11"]
[EventCountry "BLR"]
[SourceTitle "EXT 2017"]
[Source "ChessBase"]
[SourceDate "2016.10.25"]
[SourceVersion "1"]
[SourceVersionDate "2016.10.25"]
[SourceQuality "1"]

1. d4 Nf6 2. Nf3 g6 3. g3 b5 4. Bg2 Bb7 5. a4 b4 6. a5 Na6 7. Nbd2 c5 8. 0-0 Bg7 9. c3 Qc8 10. Qa4 0-0 11. cxb4 cxb4 12. Qd1 Bd5 13. Ne5 Bxg2 14. Kxg2 d6 15. Nef3 Qb7 16. Kg1 Rfc8 17. Re1 Ne4 18. Qb3 d5 19. Qd3 Nc7 20. Nb3 Ne6 21. Be3 Rc4 22. a6 Qc7 23. Ra5 Rd8 24. Rea1 f5 25. Kg2 Qd6 26. Rb5 Rb8 27. Rxb8+ Qxb8 28. Nfd2 Rc8 29. f3 Nd6 30. Nc5 Kf7 31. Nxe6 Kxe6 32. Ra5 Qb6 33. Rc5 Rc6 34. Bg5 Kf7 35. Rxd5 Qxa6 36. Qxa6 Rxa6 37. Bf4 Ke6 38. e4 fxe4 39. fxe4 Nxe4 40. Rb5 Nxd2 41. d5+ Kf7 42. Bxd2 Ra2 43. Rxb4 Rxb2 44. Rxb2 Bxb2 45. Kf3 e6 46. Ke4 Ke7 47. Bb4+ Kd7 48. g4 Bf6 49. h3 Be7 50. Ba5 Bd6 51. Bc3 Bc7 52. Bb4 a5 53. Bc3 a4 54. Bb4 Bd6 55. Bc3 a3 56. Kd4 Bf4 57. Kc4 Bc1 58. dxe6+ Kxe6 59. Kb3 Kd5 60. h4 Ke4 61. h5 g5 0-1

[Event "EU-ch blitz"]
[Site "Minsk"]
[Date "2015.12.18"]
[Round "7.24"]
[White "Guseinov, Gadir"]
[Black "Potapov, Alexey"]
[Result "1-0"]
[WhiteElo "2646"]
[BlackElo "2389"]
[PlyCount "63"]
[EventDate "2015.12.18"]
[EventType "swiss (blitz)"]
[EventRounds "22"]
[EventCountry "BLR"]
[SourceTitle "EXT 2017"]
[Source "ChessBase"]
[SourceDate "2016.10.25"]
[SourceVersion "1"]
[SourceVersionDate "2016.10.25"]
[SourceQuality "1"]

1. e4 c6 2. d4 d5 3. Nd2 dxe4 4. Nxe4 Nf6 5. Nxf6+ gxf6 6. c3 Bf5 7. Nf3 Qd5 8. Be3 Rg8 9. g3 Nd7 10. Bg2 Be4 11. 0-0 0-0-0 12. c4 Qa5 13. Qe2 f5 14. d5 e6 15. dxc6 Bxc6 16. a3 Qc7 17. b4 Kb8 18. Rfd1 Ka8 19. Bf4 Qc8 20. c5 Bg7 21. Rac1 Bf6 22. b5 Be4 23. Bd6 Nb8 24. Ne1 Bxg2 25. Nxg2 Rg4 26. Nf4 Rgg8 27. Qf3 Bg5 28. c6 Bxf4 29. Bxf4 Rxd1+ 30. Qxd1 bxc6 31. bxc6 Rd8 32. Qxd8 1-0

[Event "EU-ch blitz"]
[Site "Minsk"]
[Date "2015.12.18"]
[Round "8.24"]
[White "Potapov, Alexey"]
[Black "Guseinov, Gadir"]
[Result "0-1"]
[WhiteElo "2389"]
[BlackElo "2646"]
[PlyCount "76"]
[EventDate "2015.12.18"]
[EventType "swiss (blitz)"]
[EventRounds "22"]
[EventCountry "BLR"]
[SourceTitle "EXT 2017"]
[Source "ChessBase"]
[SourceDate "2016.10.25"]
[SourceVersion "1"]
[SourceVersionDate "2016.10.25"]
[SourceQuality "1"]

1. Nf3 g6 2. g3 Bg7 3. Bg2 d6 4. 0-0 e5 5. c4 f5 6. d3 Nf6 7. Nc3 0-0 8. Bg5 Kh8 9. Nd2 h6 10. Bxf6 Qxf6 11. Rb1 Nc6 12. b4 Qf7 13. b5 Nd4 14. a4 Rb8 15. a5 f4 16. e3 Ne6 17. Nd5 Nc5 18. Qc2 Bf5 19. e4 Be6 20. b6 axb6 21. axb6 c6 22. Nc7 g5 23. f3 h5 24. Nb3 fxg3 25. hxg3 h4 26. Nxc5 dxc5 27. Qf2 Bf6 28. g4 Be7 29. Qe3 Rg8 30. Ra1 Bd6 31. Nxe6 Qxe6 32. Ra7 Qf6 33. Kh2 Be7 34. Kh3 Rgd8 35. Rb1 Rxd3 36. Qf2 Qf4 37. Rba1 Rd2 38. Qe1 Re2 0-1

[Event "CFO-chT"]
[Site "Kaluga"]
[Date "2012.10.31"]
[Round "1.1"]
[White "Vitiuk, Vladislav"]
[Black "Potapov, Alexey"]
[Result "0-1"]
[WhiteElo "2000"]
[BlackElo "2387"]
[PlyCount "92"]
[EventDate "2012.10.31"]
[EventType "swiss"]
[EventRounds "9"]
[EventCountry "RUS"]
[SourceTitle "EXT 2014"]
[Source "ChessBase"]
[SourceDate "2013.11.20"]
[SourceVersion "1"]
[SourceVersionDate "2013.11.20"]
[SourceQuality "1"]

1. e4 d6 2. d4 Nf6 3. Nc3 c6 4. f3 Nbd7 5. Be3 e5 6. Nge2 Be7 7. Qd2 0-0 8. g4 Re8 9. h4 d5 10. 0-0-0 dxe4 11. Nxe4 Nxe4 12. fxe4 Nf6 13. g5 Nxe4 14. Qe1 Qc7 15. dxe5 Qxe5 16. Bf4 Qe6 17. Kb1 Bc5 18. Rh2 Qe7 19. Ng3 Bg4 20. Rc1 Bb4 21. Qxe4 Qxe4 22. Nxe4 Rxe4 23. Bg3 Rae8 24. Bd3 R4e7 25. a3 Ba5 26. h5 Be2 27. Bf5 g6 28. hxg6 fxg6 29. Bh3 Bd2 30. Rg1 Be3 31. Re1 Bxg5 32. Bd6 Re4 33. Bd7 Rd8 34. Bh3 Rxd6 35. Rexe2 Rxe2 36. Rxe2 Kf7 37. b4 Bf6 38. Ka2 h5 39. c4 b6 40. Re3 g5 41. c5 bxc5 42. bxc5 Rd2+ 43. Kb3 g4 44. Bf1 Rb2+ 45. Kc4 h4 46. Bd3 g3 0-1

[Event "Voronezh op-A 13th"]
[Site "Voronezh"]
[Date "2009.06.20"]
[Round "9"]
[White "Potapov, Alexey"]
[Black "Kalegin, Evgenij"]
[Result "1-0"]
[WhiteElo "2354"]
[BlackElo "2490"]
[PlyCount "87"]
[EventDate "2009.06.12"]
[EventType "swiss"]
[EventRounds "9"]
[EventCountry "RUS"]
[SourceTitle "CBM 130 Extra"]
[Source "ChessBase"]
[SourceDate "2009.07.02"]
[SourceVersion "2"]
[SourceVersionDate "2009.07.15"]
[SourceQuality "1"]

1. d4 Nf6 2. Nf3 g6 3. Nc3 Bg7 4. e4 d6 5. Be2 0-0 6. 0-0 c6 7. a4 Qc7 8. h3 Nbd7 9. Be3 e5 10. dxe5 dxe5 11. a5 Rd8 12. Qb1 Nf8 13. Qa2 Ne6 14. Bb6 axb6 15. axb6 Qxb6 16. Qxa8 Qxb2 17. Qa3 Qxa3 18. Rxa3 Nd4 19. Bd1 Nd7 20. Ne1 Bf8 21. Ra1 Nc5 22. Ra8 Be7 23. Nd3 Nxd3 24. cxd3 b5 25. Ne2 Ne6 26. Bc2 Bc5 27. Rfa1 Kg7 28. Nc1 Nd4 29. Bd1 Bb6 30. Kf1 c5 31. Rb1 f5 32. Ne2 b4 33. Nxd4 exd4 34. Rba1 Kf6 35. f3 fxe4 36. fxe4 h5 37. Bb3 Ke5 38. Kg1 g5 39. Rf1 g4 40. Bf7 gxh3 41. Rb8 Be6 42. Rxb6 Bxf7 43. Rxf7 hxg2 44. Kxg2 1-0